000 00200 a2200097 4500
020 _a9781400059393
041 _aspa
100 _aBlancarte,Roberto
245 _aEl sucesor de juan pablo ll
942 _cBK
999 _c9395
_d9395